Applied process design for chemical and petrochemical plants. V 1 (Record no. 31937)

MARC details
000 -LEADER
fixed length control field 00327nam a2200121Ia 4500
082 ## - DEWEY DECIMAL CLASSIFICATION NUMBER
Classification number 665.71
Item number LUD
100 ## - MAIN ENTRY--AUTHOR NAME
Personal name Ludwig, Ernest T E
245 #0 - TITLE STATEMENT
Title Applied process design for chemical and petrochemical plants. V 1
250 ## - EDITION STATEMENT
Edition statement Ed.2
260 ## - PUBLICATION, DISTRIBUTION, ETC. (IMPRINT)
Place of publication Texas
Name of publisher Gulf
Year of publication 1977
942 ## - ADDED ENTRY ELEMENTS (KOHA)
Koha item type Books
Holdings
Withdrawn status Lost status Damaged status Not for loan Home library Current library Date acquired Full call number Accession Number Koha item type
        RRII Library RRII Library 16/12/2021 665.71 LUD 12468 Books